Statistics for U.S. States in a Map of Europe

Click here to take the quiz!

General Stats

  • This quiz has been taken 240 times
  • The average score is 16 of 20

Answers on the Map

Answers color-coded by a green-red scale on the quiz's map according to % correct below.
 

Answer Stats

Answer% Correct
Texas
98%
Alaska
95%
California
95%
Maryland
90%
Arizona
86%
Idaho
86%
New Mexico
86%
Tennessee
86%
Kentucky
85%
West Virginia
84%
Minnesota
80%
Indiana
77%
Alabama
69%
Rhode Island
69%
Connecticut
66%
Massachusetts
64%
Montana
63%
Oregon
63%
Maine
60%
South Carolina
59%

Score Distribution

Percentile by Number Answered

Percent of People with Each Score

Your Score History

You have not taken this quiz